000 00976nam a22003017a 4500
003 CHAP
005 20220329134725.0
008 971013s1959 r 10010 d
010 _a24839
011 _a25811
035 _a29911
040 _cCHAP
082 _a575.12
_bB7
111 0 0 _aBrookhaven Symposia in Biology (
_n12
_d: 1959).
_915564
245 _aStructure and function of genetic elements ; report of Symposium held June 1-3, 1959
260 _aUpont, N. Y. :
_bBrookhaven National Laboratory,
_c1959
300 _a187 p.
_b: ilus.
490 _aBNL 558 (C-29))
590 _aBATCH-UPD
_b10
_c20130110
_lUCH01
_h1816
590 _aBATCH-UPD
_b10
_c20130410
_lUCH01
_h1150
590 _aBATCH-UPD
_b10
_c20130914
_lUCH01
_h0756
590 _aCONVERSION
_b10
_c20130109
_lUCH01
_h1314
650 1 4 _aGenética.
_947469
830 0 _aBNL 558 (C-29))
_913245
901 _aBK
942 _cLIBRO
949 _a575.12 B7
_bBC
_cLIBRO
_d33724000446951
_eLIBRO
_h8568
_i29911
_si
999 _c24839
_d24839